| 000 | 00401nam a22001457a 4500 | ||
|---|---|---|---|
| 003 | PILC | ||
| 005 | 20151005104707.0 | ||
| 008 | 151005b xxu||||| |||| 00| 0 eng d | ||
| 020 | _a9789351154303 | ||
| 050 |
_aTK 5105 _b.C738 2015 |
||
| 245 | _aComputer network management / | ||
| 260 |
_b3G elearning, _c2015. |
||
| 300 |
_av, 272 pages : _billustrations ; _c24 cm. + _e1 DVD. |
||
| 942 |
_2lcc _cBK _kFOR |
||
| 999 |
_c288803 _d288803 |
||